000
00275nam a22001337a 4500
008
210311b ||||| |||| 00| 0 eng d
041
_a
eng
080
_a
53
082
_a
53
100
_a
43
101
_a
FIZ
245
_a
Physical Chemistry
_c
Moore,J.W
942
_2
udc
_c
BK
999
_c
56465
_d
56465